| 000 | 01242nam a22002297a 4500 | ||
|---|---|---|---|
| 999 |
_c59405 _d59405 |
||
| 003 | Ge_BSU | ||
| 005 | 20230210121233.0 | ||
| 008 | 230210b xxu||||| |||| 00| 0 geo d | ||
| 020 | _a 9992832371 | ||
| 041 | _ageo | ||
| 080 | _a346.26 შ-48 | ||
| 100 |
_aშენგელია, ეკატერინე _9811 |
||
| 245 |
_aსააქციო საზოგადოების ორგანიზაციისა და ფუნქციონირების სამართლებრივი საფუძვლები / _cეკატერინე შნგელია; [რედ.: ლადო ჭანტურია]. |
||
| 264 |
_aთბილისი : _b მერიდიანი, _c2002. |
||
| 300 |
_a160გვ. ; _b20სმ. |
||
| 504 | _aბიბლიოგრ.: გვ. 145-157. | ||
| 520 | _aრეზ. რუს. და ინგლ. ენ. | ||
| 653 | _aსამეწარმეო სამართალი. | ||
| 653 | _aსააქციო საზოგადოების სამართლებრივი მდგომარეობა | ||
| 700 |
_aჭანტურია, ლადო _eრედაქტორი _916880 |
||
| 942 |
_2udc _cBK |
||